| 000 | 00741nam a2200253Ia 4500 | ||
|---|---|---|---|
| 003 | OSt | ||
| 005 | 20220925220855.0 | ||
| 006 | a|||||r|||| 00| 0 | ||
| 007 | ta | ||
| 008 | 220923b |||||||| |||| 00| 0 eng d | ||
| 020 | _a0333434978 | ||
| 037 | _cGeneral Book | ||
| 040 |
_aRTL _cRTL _beng |
||
| 041 |
_2eng _aeng |
||
| 082 | _aY4.3.N8<--M01, M7 | ||
| 100 |
_aRouth Guy _9285483 |
||
| 245 | 0 | _aOccuaptions of the people of Great Britain, 1901-1 | |
| 260 |
_aLondon _bMacmillan Press _c1987 |
||
| 300 |
_axiv, 98p _ccm. |
||
| 500 | _aBibliography: P 95-98; Appendix: P 89-94 | ||
| 650 |
_aOccupational Sociology _9230967 |
||
| 942 |
_hY4.3.N8<--M01, M7 _cGB _2CC |
||
| 999 |
_c572757 _d572757 |
||